Statystyki dla Najdłuższe granice według państwa #2

Kliknij tutaj aby rozwiązać quiz!

Ogólne statystyki

  • Ten quiz został rozwiązany 5 668 razy
  • Średni wynik to 20 z 24

Statystyki odpowiedzi

PaństwoNajdłuższa granicaDługość% Poprawnych
Stany ZjednoczoneKanada8893 km
100%
SzwecjaNorwegia1619 km
99%
Korea PółnocnaChiny1416 km
95%
IrlandiaWielka Brytania360 km
95%
IranIrak1458 km
92%
ChinyMongolia4677 km
92%
ŁotwaLitwa453 km
91%
RosjaKazachstan6846 km
89%
HiszpaniaPortugalia1214 km
88%
BelgiaFrancja620 km
84%
BoliwiaBrazylia3400 km
80%
OmanArabia Saudyjska676 km
79%
BrazyliaBoliwia3400 km
79%
SudanSudan Południowy1937 km
79%
GrecjaBułgaria494 km
78%
NiemcyCzechy815 km
78%
PakistanIndie2912 km
76%
NepalIndie1690 km
76%
KostarykaPanama330 km
76%
IndonezjaMalezja1782 km
75%
TajlandiaMjanma1800 km
71%
NikaraguaHonduras922 km
67%
ErytreaEtiopia912 km
66%
LibanSyria375 km
63%

Rozkład punktacji

Percentyl według liczby udzielonych odpowiedzi

Procent ludzi z każdym wynikiem

Twoja historia wyników

Nie rozwiązałeś tego quizu